Pilotes de Formule 1 en 2006 - Statistiques

Statistiques générales
  • Ce quiz a été pris 28 fois
  • Le résultat moyen est 17 sur 27
Statistiques - réponses
Ecurie Numéro Nationalité Nom du pilote Grand Prix disputés % Correct
Renault 1 Espagnol Alonso Tous
100%
Mclaren 3 Finlandais Raikkonen Tous
92%
Ferrari 5 Allemand Schumacher Tous
92%
Toyota 7 Allemand Schumacher Tous
92%
Honda 12 Britannique Button Tous
84%
BMW 17 Polonais Kubica De Budapest à Interlagos
84%
Ferrari 6 Brésilien Massa Tous
84%
Renault 2 Italien Fisichella Tous
80%
Mclaren 4 Colombien Montoya De Bahreïn à Indianapolis
80%
Honda 11 Brésilien Barrichello Tous
76%
BMW 17 Canadien Villeneuve De Bahreïn à Hockenheim
76%
Redbull 14 Britannique Coulthard Tous
72%
Williams 9 Australien Webber Tous
72%
Toyota 8 Italien Trulli Tous
68%
Williams 10 Allemand Rosberg Tous
60%
BMW 16 Allemand Heidfeld Tous
56%
Super Aguri 22 Japonais Sato Tous
56%
Mclaren 4 Espagnol de la Rosa De Magny-Cours à Interlagos
48%
Super Aguri 23 Français Montagny De Nurburgring à Magny-Cours
48%
Super Aguri 23 Japonais Ide De Bahreïn à Imola
44%
Redbull 15 Autrichien Klien De Bahreïn à Monza
44%
Toro Rosso 20 Italien Liuzzi Tous
36%
Midland 18 Portugais Monteiro Tous
36%
Redbull 15 Néerlandais Doornbos De Shangaï à Interlagos
32%
Toro Rosso 21 Etats-Unien Speed Tous
32%
Super Aguri 23 Japonais Yamamoto De Hockenheim à Interlagos
32%
Midland 19 Néerlandais Albers Tous
28%
Aucun quiz correspondant
Distribution des résultats
% des personnes avec chaque résultat
Percentile par nombre de réponses
Votre historique - résultats
Vous n’avez pas pris ce quiz